000 00457nam a22001697a 4500
003 CEME
005 20210628202210.0
008 210113b xxu||||| |||| 00| 0 eng d
020 _a9788131733660
040 _c.
082 _a621.3 HUG
100 _aHiley, John, Brown, Keith, Smith, Ian Mckenzie
_958726
245 _aHughes electrical and electronic technology
260 _aINDIA
_bPEARSON EDUCATION
_c2011
300 _aXV, 1008P
942 _cBK
_2ddc
999 _c568854
_d568854